00591nam a2200181 a 450000100060000000300090000600800410001502000150005604000280007108200180009910000260011724501030014326000480024630000110029465000420030565000250034765000370037217034CO-ViMGA141112s2004 ck r 000 u spa d a9508021357 aCO-ViMGAbspacCO-ViMGA04a658.404 R393d1 aDieguez, Alberto Jose10aDiseño y evaluación de proyectos de intervención socioeducativa y trabajo social comunitario aBuenos Aires (Argentina), cEspacio, c2002 a237.p.14aEVALUACION DE PROYECTOS - METODOLOGIA14aPROYECTOS EDUCATIVOS14aPROYECTOS SOCIALES - METODOLOGIA